BIBLIOTECA PODER JUDICIAL
Portal Judicial TDF

La finalidad de la compensación económica como guía de las operaciones de cuantificación y modalidad de pago / (Registro nro. 6063)

000 -LEADER
fixed length control field 01295nab a22002417a 4500
003 - CONTROL NUMBER IDENTIFIER
control field OSt
005 - DATE AND TIME OF LATEST TRANSACTION
control field 20260121001831.0
008 - FIXED-LENGTH DATA ELEMENTS--GENERAL INFORMATION
fixed length control field 190514b xxu||||| |||| 00| 0 spa d
040 ## - CATALOGING SOURCE
Transcribing agency PJ
100 ## - MAIN ENTRY--PERSONAL NAME
9 (RLIN) 4332
Personal name Pellegrini, María Victoria
245 13 - TITLE STATEMENT
Title La finalidad de la compensación económica como guía de las operaciones de cuantificación y modalidad de pago /
Statement of responsibility, etc María Victoria Pellegrini.
300 ## - PHYSICAL DESCRIPTION
Extent p. 28-39
500 ## - GENERAL NOTE
General note Cita: TR LALEY AR/DOC/981/2024.
505 ## - FORMATTED CONTENTS NOTE
Formatted contents note Sumario: I. Introducción.— II. Síntesis de la sentencia.— III. La compensación económica y el régimen patrimonial del matrimonio.— IV. La cuantificación de la compensación económica.— V. El pago de la compensación económica.— VI. Palabras de cierre.
505 ## - FORMATTED CONTENTS NOTE
Title Fallo comentado: CNCiv., sala B ~ 26/10/2023 ~ M., M. C. c. D., O. D. s/ fijación de compensación económica - Arts. 441 y 442 CCCN
650 #0 - SUBJECT ADDED ENTRY--TOPICAL TERM
9 (RLIN) 967
Topical term or geographic name as entry element DERECHO DE FAMILIA
650 #0 - SUBJECT ADDED ENTRY--TOPICAL TERM
9 (RLIN) 5830
Topical term or geographic name as entry element COMPENSACIÓN ECONÓMICA
650 #0 - SUBJECT ADDED ENTRY--TOPICAL TERM
9 (RLIN) 977
Topical term or geographic name as entry element DIVORCIO
650 #0 - SUBJECT ADDED ENTRY--TOPICAL TERM
9 (RLIN) 1053
Topical term or geographic name as entry element UNIONES CONVIVENCIALES
650 #0 - SUBJECT ADDED ENTRY--TOPICAL TERM
9 (RLIN) 1057
Topical term or geographic name as entry element JURISPRUDENCIA APLICABLE
773 0# - HOST ITEM ENTRY
Host Biblionumber 2844
Host Itemnumber 3222
Place, publisher, and date of publication Buenos Aires : AbeledoPerrot, 1989-
Title Derecho de familia. Revista Interdisciplinaria de doctrina y jurisprudencia. Junio 2024-III.
International Standard Book Number 18511201
942 ## - ADDED ENTRY ELEMENTS (KOHA)
Source of classification or shelving scheme
Koha item type Analítica Artículo de Revista

No hay ítems disponibles.

12 de Octubre 789 Ushuaia - Tel:  54(02901)441571
Horario de Atención: 8.00 a 17.00 hs. 
bibliotecaush@justierradelfuego.gov.ar
koha@justierradelfuego.gov.ar
Seguinos en nuestras redes @bibliojustdf 

Con tecnología Koha